Daň z motorových vozidiel na rok 2007 s príkladmi

Zákon č. 582/2004 Z.z. o miestnych daniach a miestnom poplatku za komunálne odpady a drobné stavebné odpady v 11. časti vymedzuje daň z motorových vozidiel. Predmet dane, daňovník, základ dane, sadzba dane, vznik a zánik daňovej povinnosti, daňové priznanie a oznamovacia povinnosť, platenie dane, vr...

Ausführliche Beschreibung

Gespeichert in:
Bibliographische Detailangaben
1. Verfasser: Moravcová, Katarína
Format: Buchkapitel
Sprache:Slowakisch
Schlagworte:
Tags: Tag hinzufügen
Keine Tags, Fügen Sie das erste Tag hinzu!

MARC

LEADER 00000naa$a2200000$$$4500
001 0051575
005 20231106072436.6
041 0 |a slo 
044 |a SK 
245 1 0 |a Daň z motorových vozidiel na rok 2007 s príkladmi  |c Katarína Moravcová 
520 |a Zákon č. 582/2004 Z.z. o miestnych daniach a miestnom poplatku za komunálne odpady a drobné stavebné odpady v 11. časti vymedzuje daň z motorových vozidiel. Predmet dane, daňovník, základ dane, sadzba dane, vznik a zánik daňovej povinnosti, daňové priznanie a oznamovacia povinnosť, platenie dane, vrátenie dane, súčinnosť. Výklad niektorých pojmov. Príklad vyplnenia daňového priznania. 
610 2 0 |a dane z vozidiel motorových 
610 2 0 |a legislatíva 
610 2 0 |a Slovensko 
610 2 0 |a 2007 
100 1 |a Moravcová, Katarína